Pediatric Clinical Skills (Record no. 1223018)

MARC details
000 -LEADER
fixed length control field 00344nam a2200145Ia 4500
008 - FIXED-LENGTH DATA ELEMENTS--GENERAL INFORMATION
fixed length control field 260624s2011 xx 000 0 und d
020 ## - INTERNATIONAL STANDARD BOOK NUMBER
International Standard Book Number 9781437713978
041 ## - LANGUAGE CODE
Language code of text/sound track or separate title eng
082 ## - DEWEY DECIMAL CLASSIFICATION NUMBER
Classification number 618.92
100 ## - MAIN ENTRY--PERSONAL NAME
Personal name Richard B
245 ## - TITLE STATEMENT
Title Pediatric Clinical Skills
250 ## - EDITION STATEMENT
Edition statement 4th ed
260 ## - PUBLICATION, DISTRIBUTION, ETC.
Name of publisher, distributor, etc. Elsevier, Pub.2011
Date of publication, distribution, etc. 2011
650 ## - SUBJECT ADDED ENTRY--TOPICAL TERM
Topical term or geographic name entry element Pediatrics
Holdings
Withdrawn status Lost status Damaged status Not for loan Home library Current library Date acquired Cost, normal purchase price Total Checkouts Full call number Barcode Date last seen Price effective from Koha item type
        Medical College, Pune Medical College, Pune 03/07/2025 5234.90   618.92 MCP-22431 25/06/2026 25/06/2026 Book